000 00526nam a2200193 a 4500
001 1769855259862
003 YourLibrary
005 20260131161816.0
008 260131s1997##################000#0#eng##
020 _a9789041106865
082 0 4 _a332.11094
_bSMI
100 1 _aSmits, Rene,
_eauthor.
245 1 0 _aThe European Central Bank, Institutional Aspects :
260 _bKluwer Law International B.V.,
_c1997.
300 _a610 pages
650 0 _aLaw.
942 _cENGLISH
040 _aYourLibrary
_beng
_cYourLibrary
999 _c609434
_d609434